<?xml version="1.0" encoding="UTF-8"?>
<record
    xmlns:xsi="http://www.w3.org/2001/XMLSchema-instance"
    xsi:schemaLocation="http://www.loc.gov/MARC21/slim http://www.loc.gov/standards/marcxml/schema/MARC21slim.xsd"
    xmlns="http://www.loc.gov/MARC21/slim">

  <leader>03046cam a2200373 i 4500</leader>
  <controlfield tag="003">SA-RiAUC</controlfield>
  <controlfield tag="005">20251015081344.0</controlfield>
  <controlfield tag="008">251008s2004    ua     g      000 0 ara c</controlfield>
  <datafield tag="020" ind1=" " ind2=" ">
    <subfield code="a">9773411311</subfield>
  </datafield>
  <datafield tag="024" ind1="0" ind2=" ">
    <subfield code="a">00000000983986</subfield>
  </datafield>
  <datafield tag="040" ind1=" " ind2=" ">
    <subfield code="a">AE-DuMBRL</subfield>
    <subfield code="b">ara</subfield>
    <subfield code="c">SA-RiAUC</subfield>
    <subfield code="e">rda</subfield>
  </datafield>
  <datafield tag="050" ind1=" " ind2="4">
    <subfield code="b">.K56 2004</subfield>
  </datafield>
  <datafield tag="050" ind1=" " ind2="4">
    <subfield code="b">.K55</subfield>
  </datafield>
  <datafield tag="082" ind1="0" ind2="4">
    <subfield code="a">253.2</subfield>
    <subfield code="q">SA-RiAUC</subfield>
  </datafield>
  <datafield tag="090" ind1=" " ind2=" ">
    <subfield code="a">253.2</subfield>
    <subfield code="b">&#x643; &#x646; &#x627;</subfield>
  </datafield>
  <datafield tag="100" ind1="1" ind2=" ">
    <subfield code="a">&#x627;&#x644;&#x643;&#x646;&#x627;&#x646;&#x64A;&#x60C; &#x64A;&#x62D;&#x64A;&#x649; &#x628;&#x646; &#x639;&#x645;&#x631; &#x628;&#x646; &#x64A;&#x648;&#x633;&#x641;&#x60C;</subfield>
    <subfield code="d">828-901</subfield>
    <subfield code="e">&#x645;&#x624;&#x644;&#x641;.</subfield>
  </datafield>
  <datafield tag="245" ind1="1" ind2="0">
    <subfield code="a">&#x643;&#x62A;&#x627;&#x628; &#x623;&#x62D;&#x643;&#x627;&#x645; &#x627;&#x644;&#x633;&#x648;&#x642; /</subfield>
    <subfield code="c">&#x64A;&#x62D;&#x64A;&#x649; &#x628;&#x646; &#x639;&#x645;&#x631; &#x627;&#x644;&#x623;&#x646;&#x62F;&#x644;&#x633;&#x64A; &#x61B; &#x642;&#x62F;&#x645; &#x644;&#x647; &#x648;&#x62D;&#x642;&#x642;&#x647; &#x627;&#x644;&#x62F;&#x643;&#x62A;&#x648;&#x631; &#x645;&#x62D;&#x645;&#x648;&#x62F; &#x639;&#x644;&#x64A; &#x645;&#x643;&#x64A;.</subfield>
  </datafield>
  <datafield tag="246" ind1="3" ind2="0">
    <subfield code="a">&#x623;&#x62D;&#x643;&#x627;&#x645; &#x627;&#x644;&#x633;&#x648;&#x642;</subfield>
  </datafield>
  <datafield tag="250" ind1=" " ind2=" ">
    <subfield code="a">&#x627;&#x644;&#x637;&#x628;&#x639;&#x629; &#x627;&#x644;&#x623;&#x648;&#x644;&#x649;.</subfield>
  </datafield>
  <datafield tag="264" ind1=" " ind2="1">
    <subfield code="a">&#x627;&#x644;&#x642;&#x627;&#x647;&#x631;&#x629; :</subfield>
    <subfield code="b">&#x645;&#x643;&#x62A;&#x628;&#x629; &#x627;&#x644;&#x62B;&#x642;&#x627;&#x641;&#x629; &#x627;&#x644;&#x62F;&#x64A;&#x646;&#x64A;&#x629;&#x60C;</subfield>
    <subfield code="c">2004.</subfield>
  </datafield>
  <datafield tag="300" ind1=" " ind2=" ">
    <subfield code="a">90 &#x635;&#x641;&#x62D;&#x629; &#x61B;</subfield>
    <subfield code="c">24 &#xD7; 17 &#x633;&#x645;</subfield>
  </datafield>
  <datafield tag="336" ind1=" " ind2=" ">
    <subfield code="a">&#x646;&#x635;</subfield>
    <subfield code="b">txt</subfield>
    <subfield code="2">rdacontent</subfield>
    <subfield code="3">&#x643;&#x62A;&#x627;&#x628;</subfield>
  </datafield>
  <datafield tag="337" ind1=" " ind2=" ">
    <subfield code="a">&#x628;&#x62F;&#x648;&#x646; &#x648;&#x633;&#x64A;&#x637;</subfield>
    <subfield code="b">n</subfield>
    <subfield code="2">rdamedia</subfield>
  </datafield>
  <datafield tag="338" ind1=" " ind2=" ">
    <subfield code="a">&#x645;&#x62C;&#x644;&#x62F;</subfield>
    <subfield code="b">nc</subfield>
    <subfield code="2">rdacarrier</subfield>
  </datafield>
  <datafield tag="505" ind1="0" ind2=" ">
    <subfield code="a">&#x627;&#x644;&#x645;&#x62D;&#x62A;&#x648;&#x64A;&#x627;&#x62A; : &#x62A;&#x645;&#x647;&#x64A;&#x62F;-&#x643;&#x62A;&#x627;&#x628; &#x627;&#x62D;&#x643;&#x627;&#x645; &#x627;&#x644;&#x633;&#x648;&#x642;-&#x627;&#x644;&#x645;&#x624;&#x644;&#x641; &#x64A;&#x62D;&#x64A;&#x649; &#x628;&#x646; &#x639;&#x645;&#x631; &#x627;&#x644;&#x643;&#x62A;&#x627;&#x646;&#x64A; : &#x646;&#x634;&#x627;&#x637;&#x647; &#x627;&#x644;&#x639;&#x644;&#x645;&#x64A; ...-&#x627;&#x644;&#x642;&#x636;&#x627;&#x621; &#x641;&#x64A; &#x627;&#x644;&#x62E;&#x628;&#x627;&#x632;&#x64A;&#x646;-&#x627;&#x644;&#x642;&#x636;&#x627;&#x621; &#x641;&#x64A; &#x627;&#x644;&#x62C;&#x632;&#x627;&#x631;&#x64A;&#x646;-&#x627;&#x644;&#x642;&#x636;&#x627;&#x621; &#x641;&#x64A; &#x627;&#x644;&#x645;&#x644;&#x627;&#x647;&#x64A;-&#x641;&#x64A; &#x627;&#x644;&#x642;&#x62F;&#x648;&#x631; &#x627;&#x644;&#x645;&#x62A;&#x62E;&#x630;&#x629; &#x644;&#x644;&#x62E;&#x645;&#x631;-&#x627;&#x644;&#x642;&#x636;&#x627;&#x621; &#x641;&#x64A; &#x635;&#x627;&#x62D;&#x628; &#x627;&#x644;&#x62D;&#x645;&#x627;&#x645;-&#x641;&#x64A; &#x628;&#x643;&#x627;&#x621; &#x623;&#x647;&#x644; &#x627;&#x644;&#x645;&#x64A;&#x62A; &#x639;&#x644;&#x649; &#x627;&#x644;&#x645;&#x64A;&#x62A;-&#x627;&#x644;&#x62E;&#x631;&#x648;&#x62C; &#x625;&#x644;&#x649; &#x627;&#x644;&#x645;&#x642;&#x627;&#x628;&#x631; ...-&#x641;&#x64A;&#x645;&#x646; &#x64A;&#x62D;&#x641;&#x631; &#x62D;&#x641;&#x64A;&#x631;&#x627; &#x62D;&#x648;&#x644; &#x623;&#x631;&#x636;&#x647; &#x623;&#x648; &#x62F;&#x627;&#x631;&#x647; &#x623;&#x648; &#x64A;&#x62D;&#x62F;&#x62B; &#x628;&#x627;&#x628;&#x627; &#x644;&#x62F;&#x627;&#x631;&#x647;-&#x641;&#x64A; &#x627;&#x644;&#x64A;&#x647;&#x648;&#x62F; &#x648;&#x627;&#x644;&#x646;&#x635;&#x627;&#x631;&#x649; &#x64A;&#x62A;&#x634;&#x628;&#x647;&#x648;&#x646; &#x628;&#x627;&#x644;&#x645;&#x633;&#x644;&#x645;&#x64A;&#x646;-</subfield>
  </datafield>
  <datafield tag="520" ind1=" " ind2=" ">
    <subfield code="a">&#x64A;&#x62A;&#x646;&#x627;&#x648;&#x644; &#x643;&#x62A;&#x627;&#x628; (&#x623;&#x62D;&#x643;&#x627;&#x645; &#x627;&#x644;&#x633;&#x648;&#x642;) &#x648;&#x627;&#x644;&#x630;&#x64A; &#x642;&#x627;&#x645; &#x628;&#x62A;&#x623;&#x644;&#x64A;&#x641;&#x647; &#x64A;&#x62D;&#x64A;&#x649; &#x628;&#x646; &#x639;&#x645;&#x631; &#x627;&#x644;&#x623;&#x646;&#x62F;&#x644;&#x633;&#x64A;&#x60C; &#x645;&#x648;&#x636;&#x648;&#x639; (&#x627;&#x644;&#x633;&#x648;&#x642;) &#x647;&#x630;&#x627; &#x627;&#x644;&#x643;&#x62A;&#x627;&#x628; &#x623;&#x648;&#x644; &#x643;&#x62A;&#x627;&#x628; &#x623;&#x644;&#x641; &#x641;&#x64A; &#x647;&#x630;&#x627; &#x627;&#x644;&#x628;&#x627;&#x628; &#x645;&#x646; &#x623;&#x628;&#x648;&#x627;&#x628; &#x627;&#x644;&#x641;&#x642;&#x647; &#x627;&#x644;&#x625;&#x633;&#x644;&#x627;&#x645;&#x64A;&#x60C; &#x648;&#x647;&#x648; &#x64A;&#x62A;&#x62D;&#x62F;&#x62B; &#x639;&#x646; &#x648;&#x62C;&#x648;&#x628; &#x625;&#x634;&#x631;&#x627;&#x641; &#x627;&#x644;&#x62F;&#x648;&#x644;&#x629; &#x639;&#x644;&#x649; &#x636;&#x628;&#x637; &#x62D;&#x631;&#x643;&#x629; &#x627;&#x644;&#x633;&#x648;&#x642; &#x628;&#x62A;&#x639;&#x64A;&#x64A;&#x646; &#x645;&#x631;&#x627;&#x642;&#x628;&#x64A;&#x646;&#x60C; &#x648;&#x62A;&#x648;&#x62D;&#x64A;&#x62F; &#x627;&#x644;&#x645;&#x643;&#x627;&#x64A;&#x64A;&#x644; &#x648;&#x627;&#x644;&#x645;&#x648;&#x627;&#x632;&#x64A;&#x646;&#x60C; &#x648;&#x645;&#x639;&#x627;&#x642;&#x628;&#x629; &#x627;&#x644;&#x645;&#x62A;&#x644;&#x627;&#x639;&#x628;&#x64A;&#x646; &#x628;&#x62A;&#x644;&#x643; &#x627;&#x644;&#x623;&#x646;&#x638;&#x645;&#x629; &#x648;&#x644;&#x648; &#x628;&#x62D;&#x631;&#x645;&#x627;&#x646;&#x647;&#x645; &#x645;&#x646; &#x627;&#x644;&#x627;&#x62A;&#x62C;&#x627;&#x631; &#x641;&#x64A; &#x627;&#x644;&#x633;&#x648;&#x642; &#x628;&#x625;&#x62E;&#x631;&#x627;&#x62C;&#x647;&#x645; &#x645;&#x646;&#x647;&#x627;. &#x648;&#x647;&#x630;&#x627; &#x627;&#x644;&#x643;&#x62A;&#x627;&#x628; &#x645;&#x645;&#x627; &#x627;&#x62D;&#x62A;&#x641;&#x638; &#x644;&#x646;&#x627; &#x628;&#x647; &#x627;&#x644;&#x648;&#x646;&#x634;&#x631;&#x64A;&#x634;&#x64A; &#x641;&#x64A; &#x643;&#x62A;&#x627;&#x628;&#x647; "&#x627;&#x644;&#x645;&#x639;&#x64A;&#x627;&#x631;"&#x60C; &#x648;&#x642;&#x62F; &#x631;&#x623;&#x649; &#x627;&#x644;&#x645;&#x624;&#x644;&#x641; &#x627;&#x633;&#x62A;&#x62E;&#x631;&#x627;&#x62C; &#x647;&#x630;&#x647; &#x627;&#x644;&#x642;&#x637;&#x639;&#x629; &#x648;&#x646;&#x634;&#x631;&#x647;&#x627; &#x645;&#x633;&#x62A;&#x642;&#x644;&#x629; &#x644;&#x645;&#x627; &#x62A;&#x628;&#x64A;&#x646; &#x644;&#x647;&#x627; &#x645;&#x646; &#x642;&#x64A;&#x645;&#x62A;&#x647;&#x627; &#x627;&#x644;&#x62A;&#x627;&#x631;&#x64A;&#x62E;&#x64A;&#x629;&#x60C; &#x648;&#x644;&#x645;&#x627; &#x627;&#x634;&#x62A;&#x645;&#x644;&#x62A; &#x639;&#x644;&#x64A;&#x647; &#x645;&#x646; &#x623;&#x62E;&#x628;&#x627;&#x631; &#x642;&#x64A;&#x645;&#x629; &#x62A;&#x62A;&#x639;&#x644;&#x642; &#x628;&#x627;&#x644;&#x62D;&#x64A;&#x627;&#x629; &#x627;&#x644;&#x627;&#x62C;&#x62A;&#x645;&#x627;&#x639;&#x64A;&#x629; &#x648;&#x627;&#x644;&#x627;&#x642;&#x62A;&#x635;&#x627;&#x62F;&#x64A;&#x629; &#x641;&#x64A; &#x625;&#x641;&#x631;&#x64A;&#x642;&#x64A;&#x629; &#x648;&#x627;&#x644;&#x623;&#x646;&#x62F;&#x644;&#x633; </subfield>
  </datafield>
  <datafield tag="650" ind1=" " ind2="7">
    <subfield code="a">&#x627;&#x644;&#x628;&#x64A;&#x639; (&#x641;&#x642;&#x647; &#x625;&#x633;&#x644;&#x627;&#x645;&#x64A;)</subfield>
    <subfield code="2">aucsh</subfield>
  </datafield>
  <datafield tag="650" ind1=" " ind2="7">
    <subfield code="a">&#x627;&#x644;&#x623;&#x633;&#x648;&#x627;&#x642; (&#x641;&#x642;&#x647; &#x625;&#x633;&#x644;&#x627;&#x645;&#x64A;)</subfield>
    <subfield code="2">aucsh</subfield>
  </datafield>
  <datafield tag="650" ind1=" " ind2="7">
    <subfield code="a">&#x627;&#x644;&#x645;&#x639;&#x627;&#x645;&#x644;&#x627;&#x62A; (&#x641;&#x642;&#x647; &#x625;&#x633;&#x644;&#x627;&#x645;&#x64A;)</subfield>
    <subfield code="2">aucsh</subfield>
  </datafield>
  <datafield tag="700" ind1="1" ind2=" ">
    <subfield code="a">&#x645;&#x643;&#x64A;&#x60C; &#x645;&#x62D;&#x645;&#x648;&#x62F; &#x639;&#x644;&#x64A;&#x60C;</subfield>
    <subfield code="d">1929-2013</subfield>
    <subfield code="e">&#x645;&#x642;&#x62F;&#x645;.</subfield>
  </datafield>
  <datafield tag="942" ind1=" " ind2=" ">
    <subfield code="2">ddc</subfield>
    <subfield code="c">BOOK</subfield>
    <subfield code="n">0</subfield>
  </datafield>
  <datafield tag="949" ind1=" " ind2=" ">
    <subfield code="a">SA-JeALM</subfield>
    <subfield code="d">251008</subfield>
    <subfield code="u">mohamedma123</subfield>
    <subfield code="n">1</subfield>
  </datafield>
  <datafield tag="952" ind1=" " ind2=" ">
    <subfield code="0">0</subfield>
    <subfield code="1">0</subfield>
    <subfield code="2">ddc</subfield>
    <subfield code="4">0</subfield>
    <subfield code="7">0</subfield>
    <subfield code="a">WAHAB</subfield>
    <subfield code="b">WAHAB</subfield>
    <subfield code="d">2025-10-15</subfield>
    <subfield code="l">0</subfield>
    <subfield code="o">253.2  &#x643; &#x646; &#x627;</subfield>
    <subfield code="p">000020291</subfield>
    <subfield code="r">2025-10-15 08:14:23</subfield>
    <subfield code="w">2025-10-15</subfield>
    <subfield code="y">BOOK</subfield>
  </datafield>
  <datafield tag="999" ind1=" " ind2=" ">
    <subfield code="c">12571</subfield>
    <subfield code="d">12571</subfield>
  </datafield>
</record>
